书目信息 |
| 题名: |
TEXAS可编程序计算器的使用
|
|
| 作者: | 蔡生民 译著 | |
| 分册: | ||
| 出版信息: | 北京 北京大学出版社 1980 |
|
| 页数: | 144页 | |
| 开本: | 19cm | |
| 丛书名: | ||
| 单 册: | ||
| 中图分类: | TP32 | |
| 科图分类: | ||
| 主题词: | 可编程序计算器,TEXAS--应用 | |
| 电子资源: | ||
| ISBN: | ||
| 000 | 00663nam0 2200229 45 | |
| 001 | 0180005877 | |
| 005 | 20060722162411.15 | |
| 010 | @dCNY0.52 | |
| 091 | @a13209.1 | |
| 100 | @a19950507d1980 em y0chiy0121 ea | |
| 101 | 1 | @achi |
| 102 | @aCN@b110000 | |
| 105 | @ay z 000yy | |
| 200 | 10 | @aTEXAS可编程序计算器的使用@ATEXAS ke bian cheng xu ji suan qi de shi yong@f蔡生民译著@Fcai sheng min yi zhu |
| 210 | @a北京@c北京大学出版社@d1980 | |
| 215 | @a144页@d19cm | |
| 606 | @a可编程序计算器,TEXAS@x应用 | |
| 690 | @aTP32@v4 | |
| 701 | 0 | @a蔡生民@Acai sheng min@4译著 |
| 801 | 2 | @aCN@bNLC@c20060722 |
| 801 | 0 | @aCN@bTSSF@c20060510 |
| 905 | @a10447@dTP32@e12 | |
| TEXAS可编程序计算器的使用/蔡生民译著.-北京:北京大学出版社,1980 |
| 144页;19cm |
| ISBN :CNY0.52 |
| ● |
| 相关链接 |
|
|
|
|
正题名:TEXAS可编程序计算器的使用
索取号:TP32/12
 
预约/预借
| 序号 | 登录号 | 条形码 | 馆藏地/架位号 | 状态 | 备注 |
| 1 | 0035101 | 001636643 | 密集书库/ [索取号:TP32/12] | 在馆 | |
| 2 | 0035102 | 202309313 | 密集书库/ [索取号:TP32/12] | 在馆 | |
| 3 | 0035103 | 202311630 | 密集书库/ [索取号:TP32/12] | 在馆 | |
| 4 | 0035104 | 202311667 | 密集书库/ [索取号:TP32/12] | 在馆 | |
| 5 | 0035105 | 001634636 | 密集书库/ [索取号:TP32/12] | 在馆 | |
| 6 | 0035106 | 001636714 | 密集书库/ [索取号:TP32/12] | 在馆 | |
| 7 | 0035107 | 001634510 | 密集书库/ [索取号:TP32/12] | 在馆 | |
| 8 | 0035108 | 001636803 | 密集书库/ [索取号:TP32/12] | 在馆 | |
| 9 | 0035109 | 001636750 | 密集书库/ [索取号:TP32/12] | 在馆 | |
| 10 | 0035110 | 001634645 | 密集书库/ [索取号:TP32/12] | 在馆 | |
| 11 | 0438137 | 204381374 | 密集书库/ [索取号:TP32/12] | 在馆 | |
| 12 | 0438138 | 204381383 | 密集书库/ [索取号:TP32/12] | 在馆 |